00813nam a2200205 a 450000100100000000500170001000800410002704000250006808200180009310000220011124000440013324501200017726001100029730000210040753400750042865000230050365000320052670000230055870000260058100002301520250626131117.0101124s1971 mx r 000 0 spa d aDO-SdBNPbspacBNPHU a519.86bF421s1 aFetter, Robert B.14aThe Quality Control System.lEspañol.10aSistemas de control de calidad /cRobert B. Fetter ; editada por Richard D. Irwin ; traducción de Juan J. Thomas. aMéxico :bCentro reginal de ayuda técnica ;bAgencia para el desarrollo internacional (A.I.D),c1971. a187 p. ;c20 cm. pTítulo original de la obra en inglés:tThe Quality Control System. 4aControl de calidad 0aEstadística matemática 1 aIrwin, Richard D.,1 aThomas, Juan J.,etr.